00507nam a22001577a 4500020001800000040000900018082001800027100003100045245002300076260004300099300000900142650003400151942001200185999001900197952013300216 a9789693520873 cNUST a891.4393bQAS aQasmi, Ahmad Nadeem 93596 a Ghar Say Ghar Tak aLAHOREbSang-E-Meel Publicationsc2015 b160P 2Urdu Literature-Short Stories 2ddccBK c585834d585834 00102ddc4070aCEMEbCEMEcGENd2021-07-07l1m1o891.4393 QASpCEME-50097q2026-02-20r2025-12-18s2025-12-18w2021-07-07yBK